00640nam a2200193 a 45000010005000000030009000050080041000140400028000550820019000831000040001022450033001422600044001753000009002194900012002286500024002409420012002649990017002769520153002931941CO-ViMGA141112s2004 ck r 000 u spa d aCO-ViMGAbspacCO-ViMGA04aCo863.44 C673e1 aCordovez Moure, Jose María95056110aEl episodio del doctor Russi aSantafé de Bogotá : bNorma, c1996 a67 p aMilenio14aRELATOS COLOMBIANOS 2ddccBK c14092d14092 00102ddc40708003aMEVIECARbMEVIECARd2015-12-04hVolumen. 1 | 11/jun/2009l0oCo863.44 C673e p1941r2015-12-04 00:00:00tEj. 1w2015-12-04yBK